|
|
|
|
| LEADER |
00000cam a2200000 7i4500 |
| 001 |
0000001305 |
| 005 |
20151222.0 |
| 008 |
070704 |
| 020 |
|
|
|a 9833408389
|
| 090 |
0 |
0 |
|a JF
|b MAL
|
| 100 |
1 |
|
|a Ikhwanul Hakim
|
| 245 |
1 |
0 |
|a Secebis harapan
|c Ikhwanul Hakim
|
| 260 |
|
|
|a Selangor :
|b Percetakan Rahim&Razak ,
|c 2006
|
| 440 |
|
|
|a Siri cereka ria remaja
|
| 500 |
|
|
|a Children ages 10-12 years old (pink)
|
| 650 |
|
0 |
|a Malay fiction
|
| 999 |
|
|
|a 0000956657
|b Book
|c Children Collection
|e Cawangan Bandar Tenggara
|
| 999 |
|
|
|a 0000956658
|b Book
|c Children Collection
|e Cawangan Kota Tinggi
|
| 999 |
|
|
|a 0000956659
|b Book
|c Children Collection
|e Cawangan Kota Tinggi
|
| 999 |
|
|
|a 0000956660
|b Book
|c Children Collection
|e Cawangan Tmn. Ungku Tun Aminah
|
| 999 |
|
|
|a 0001133825
|b Book
|c Children Collection
|e Cawangan Segamat
|
| 999 |
|
|
|a 0001165401
|b Book
|c Children Collection
|e Cawangan Bukit Gambir
|
| 999 |
|
|
|a 0001165405
|b Book
|c Children Collection
|e Cawangan Mersing
|
| 999 |
|
|
|a 0001165407
|b Book
|c Children Collection
|e Cawangan Bandar Penawar
|
| 999 |
|
|
|a 0001165408
|b Book
|c Children Collection
|e Cawangan Tangkak
|
| 999 |
|
|
|a 0001165409
|b Book
|c Children Collection
|e Cawangan Segamat
|
| 999 |
|
|
|a 0001165412
|b Book
|c Children Collection
|e Cawangan Pontian
|
| 999 |
|
|
|a 0001165414
|b Book
|c Children Collection
|e Cawangan Tmn. Ungku Tun Aminah
|